00267nam a22001097a 4500020001800000082001400018100001400032245004600046260003900092300000800131650001800139 a9781412927468 a302.3 REE aReed, Jan aAppreciative Inquiry: Research for Change aNew DelhibSage Publicationsc2007 a219 aSocial Change